| Tag |
First Indicator |
Second Indicator |
Subfields |
| LEADER |
00000cam a2200000 4500 |
| 001 |
in00000569421 |
| 005 |
20151014062851.0 |
| 008 |
720616s1966 nyu 00000 eng |
| 010 |
|
|
|a 66021009
|
| 035 |
|
|
|a (OCoLC)00335355
|
| 035 |
|
|
|9 ACN2762AM
|
| 040 |
|
|
|a DLC
|c WSU
|d SER
|d m.c.
|d TXA
|d UtOrBLW
|
| 041 |
1 |
|
|a eng
|a lat
|
| 049 |
|
|
|a TXAM [Also in] [Ref]
|c 1 [910973], 2 [472782]
|
| 050 |
0 |
0 |
|a PN6080
|b .G8
|
| 082 |
0 |
|
|a 878.002
|
| 100 |
1 |
|
|a Guterman, Norbert,
|d 1900-1984.
|
| 245 |
1 |
2 |
|a A book of Latin quotations /
|c with English translations.
|
| 250 |
|
|
|a [1st ed.].
|
| 264 |
|
1 |
|a Garden City, N.Y. :
|b Anchor Books,
|c [1966]
|
| 300 |
|
|
|a vi, 433 pages ;
|c 19 cm.
|
| 336 |
|
|
|a text
|b txt
|2 rdacontent
|
| 337 |
|
|
|a unmediated
|b n
|2 rdamedia
|
| 338 |
|
|
|a volume
|b nc
|2 rdacarrier
|
| 650 |
|
0 |
|a Quotations, Latin.
|
| 650 |
|
0 |
|a Quotations, Latin
|x Translations into English.
|
| 999 |
|
|
|a MARS
|
| 999 |
f |
f |
|s db5da0bc-4a22-34c6-a79d-f2486f71827f
|i 7f1f0616-fbf9-33f7-aaa6-181216a031a6
|t 0
|
| 952 |
f |
f |
|p normal
|a Texas A&M University
|b College Station
|c Sterling C. Evans Library
|d Evans: Library Stacks
|t 0
|e PN6080 .G8
|h Library of Congress classification
|i unmediated -- volume
|m A14812576080
|
| 998 |
f |
f |
|a PN6080 .G8
|t 0
|l Evans: Library Stacks
|